| 000 | 00380nam a2200157Ia 4500 | ||
|---|---|---|---|
| 003 | GCL | ||
| 008 | 140319s9999 xx 000 0 eng d | ||
| 040 |
_aGCL / _cGCL |
||
| 082 | 0 | 4 |
_aREF _b912 _bBA |
| 245 | 1 | 0 | _aAN ATLAS OF WORLD AFFAIRS |
| 260 |
_a[S.N] : _bMACMILLAN PUBLISHING COMPANY ، _c1992 |
||
| 300 | _a240 P | ||
| 650 | 0 | 4 | _aATLASES |
| 650 | 0 | 4 | _aWORLD |
| 942 |
_2ddc _cBK |
||
| 999 |
_c19017 _d19017 |
||